书目信息 |
| 题名: |
建筑冷热源
|
|
| 作者: | 陆亚俊 主编 | |
| 分册: | ||
| 出版信息: | 北京 中国建筑工业出版社 2009.07 |
|
| 页数: | 358页 | |
| 开本: | 26cm | |
| 丛书名: | ||
| 单 册: | ||
| 中图分类: | TU831.6 | |
| 科图分类: | ||
| 主题词: | 制冷系统--zhi leng xi tong--高等学校--教材 , 供热系统--gong re xi tong--高等学校--教材 | |
| 电子资源: | ||
| ISBN: | 978-7-112-10828-2 | |
| 000 | 00883nam0 2200241 450 | |
| 001 | 200000001521 | |
| 005 | 20100508174753.70 | |
| 010 | @a978-7-112-10828-2@dCNY37.00 | |
| 100 | @a20100515d2009 km y0chiy0121 eb | |
| 101 | 0 | @achi |
| 102 | @aCN@b110000 | |
| 105 | @aa z 000yy | |
| 200 | 1 | @a建筑冷热源@Ajian zhu leng re yuan@f陆亚俊主编 |
| 210 | @a北京@c中国建筑工业出版社@d2009.07 | |
| 215 | @a358页@c图@d26cm | |
| 300 | @a高校建筑环境与设备工程专业指导委员会规划推荐教材, 普通高等教育土建学科专业“十一五”规划教材 | |
| 330 | @a本书为建筑中应用的制冷、制热设备及系统为核心组织内容,它涵盖了制冷、热泵、锅炉的基本理论和应用技术。全书共14章。 | |
| 606 | 0 | @a制冷系统@Azhi leng xi tong@x高等学校@j教材 |
| 606 | 0 | @a供热系统@Agong re xi tong@x高等学校@j教材 |
| 690 | @aTU831.6@v4 | |
| 701 | 0 | @a陆亚俊@Alu ya jun@4主编 |
| 801 | 0 | @aCN@c20100515 |
| 905 | @dTU831.6@eL860@f3 | |
| 建筑冷热源/陆亚俊主编.-北京:中国建筑工业出版社,2009.07 |
| 358页:图;26cm |
| 高校建筑环境与设备工程专业指导委员会规划推荐教材, 普通高等教育土建学科专业“十一五”规划教材 |
| ISBN 978-7-112-10828-2:CNY37.00 |
| 本书为建筑中应用的制冷、制热设备及系统为核心组织内容,它涵盖了制冷、热泵、锅炉的基本理论和应用技术。全书共14章。 |
| ● |
| 相关链接 |
|
|
|
正题名:建筑冷热源
索取号:TU831.6/L860
 
预约/预借
| 序号 | 登录号 | 条形码 | 馆藏地/架位号 | 状态 | 备注 |
| 1 | 899952 | 208999529 | 建筑库201/201建筑库 52排1列2层/ [索取号:TU831.6/L860] | 在馆 | |
| 2 | 899953 | 208999538 | 建筑库201/201建筑库 52排1列2层/ [索取号:TU831.6/L860] | 在馆 | |
| 3 | 899954 | 208999547 | 建筑库201/201建筑库 52排1列2层/ [索取号:TU831.6/L860] | 在馆 |